00507nam a22001097a 4500008004100000040005500041080003000096245020200126260004700328300001000375650001200385230428b |||||||| |||| 00| 0 eng d aNational Science LibrarycNational Science Library a519.21:061.62(082.2) bM4 aProceedings of third annual conference of Indian society for theory of probability and its applications: bAugust 22-24, 1981 c/ Held at Department of Mathematical Statistics, University of Delhi  aNew Delhi: bWiley Eastern Limited, c1981 a104p. aScience